000 01025nam a2200265 i 4500
001 124640
003 ES-MaACL
007 t|
008 070413e1958 sp a |r 00110|spa
017 _aB 11167-1958
_bOficina Depósito Legal Barcelona
080 _a7(8.03)(091)
080 _a7.034(8=134.2)
100 1 _aSolá, Miguel
_eaut
_9107046
245 1 0 _aHistoria del arte hispano-americano :
_barquitectura, escultura, pintura y artes menores en la América española durante los siglos XVI, XVII y XVIII /
_cMiguel Solá
250 _a2ª ed.
260 _aBarcelona :
_bLabor,
_c[1958]
300 _a341 páginas, LXII hojas de láminas :
_bilustraciones ;
_c17 cm
490 1 _aColección Labor.
_pArtes plásticas ;
_v491-493
_9222913
650 4 _aArte colonial-
_zAmérica española
_9241738
830 0 _aColección Labor.
_pArtes plásticas ;
_v491-493
_9222913
852 4 _aES-MaACL
_cDEPO2
_jE-2913
942 _2udc
_cMONOGRAFIA
_n0
999 _c124640
_d124640